| 000 | 01328cam a22002894a 4500 | ||
|---|---|---|---|
| 001 | 14353044 | ||
| 005 | 20080311112319.0 | ||
| 008 | 060425s2006 nyua b 001 0 eng c | ||
| 020 | _a9780387322001 | ||
| 020 | _a0387322000 (hd. bd. : acidfree paper) | ||
| 020 | _a0387217665 (ebook) | ||
| 040 |
_aINT _cINT _dBAKER _dOHX _dUMC _dIXA _dYDXCP _dOCLCQ _dLHL _dDLC |
||
| 082 | 0 | 0 |
_a621.3670151 _222 _bAUB |
| 100 | 1 |
_aAubert, Gilles. _929462 |
|
| 245 | 1 | 0 |
_aMathematical Problems in Image Processing : _bPartial Differential Equations and the Calculus of Variations / _cGilles Aubert, Pierre Kornprobst. |
| 250 | _aSecond edition. | ||
| 260 |
_aNew York : _bSpringer, _cc2006. |
||
| 300 |
_axxxi, 377 p. : _bill. ; _c25 cm. |
||
| 490 | 1 |
_aApplied mathematical sciences ; _v147 _929463 |
|
| 504 | _aIncludes bibliographic references (p. [349]-371) and index. | ||
| 650 | 0 |
_aImage processing _xMathematics. _929464 |
|
| 653 |
_bEle _cMarch2012 |
||
| 700 | 1 |
_aKornprobst, Pierre. _929465 |
|
| 942 |
_2ddc _cBB |
||
| 999 |
_c16605 _d16605 |
||